[Palau Güell : Plànol de la visita (rus)] Plànol de la visita (rus)]
Descripción Física:
1 f. plegat en 4 parts ; il. col. ; 21 cm.
Materias:
Palau Güell (Barcelona) -- Guies
Idioma:
Catalán , Russian
MARC
| LEADER | 00000nam a22000007a 4500 | ||
|---|---|---|---|
| 001 | 27465 | ||
| 003 | Arxiu | ||
| 005 | 20260324181154.0 | ||
| 008 | 230306b spa||||| |||| 00| 0 cat d | ||
| 017 | |a B 4144-2022 | ||
| 040 | |a agdb |b cat | ||
| 041 | |a rus | ||
| 110 | 2 | |9 17034 |a Palau Güell (Barcelona) | |
| 245 | |a [Palau Güell : |b Plànol de la visita (rus)] | ||
| 260 | |a Barcelona : |b Diputació de Barcelona ; |c 2022 | ||
| 300 | |a 1 f. plegat en 4 parts ; |b il. col. ; |c 21 cm. | ||
| 610 | 2 | 0 | |9 52892 |a Palau Güell (Barcelona) |v Guies |
| 710 | 1 | |a Barcelona (Catalunya : Província). |b Diputació |9 52408 | |
| 942 | |2 udc |n 1 |c ARXIU | ||
| 952 | |0 0 |1 0 |2 udc |4 0 |6 FU74103 |7 1 |9 65465 |a Arxiu |b Arxiu |d 2023-03-06 |l 0 |o FU-74-103 |p 27465 |r 2023-03-06 00:00:00 |w 2023-03-06 |y ARXIU | ||
| 999 | |c 83140 |d 83140 | ||